000 00941nam a2200253Ia 4500
003 OSt
005 20220923211110.0
006 a|||||r|||| 00| 0
007 ta
008 220922b |||||||| |||| 00| 0 hin d
020 _a818143028X (hbk)
_c300
024 _a242,441
037 _b511, 08/03/2010, Vani Prakashan
_cTextual
040 _aARTS
_cARTS
_bhin
041 _2hin
_ahin
082 _aO152,3N161:g, P3
100 _aनागर, शरद, संपा.
_9158216
245 0 _aउजास की धरोहर
_b अमृतलाल नागर की यादें
246 _aUjās kī dharohara: amṛutalāl nāgar kī yādean
260 _aनयी दिल्ली
_b वाणी प्रकाशन
_c2003
300 _a228पृ.
_ccm.
942 _hO152,3N161:g, P3
_cTEXL
_2CC
999 _c295216
_d295216